Vocabulaire polonais: lieux - Statistiques

Statistiques générales
  • Ce quiz a été pris 13 fois
  • Le résultat moyen est 29 sur 42
Statistiques - réponses
Mot en français Traduction en polonais % Correct
la banque bank
100%
l'hôtel hotel
100%
le cinéma kino
100%
le pays kraj
100%
la cuisine kuchnia
100%
le musée muzeum
100%
la place (du marché) rynek
100%
le magasin sklep
100%
l'adresse adres
88%
le bar bar
88%
le bureau biuro
88%
le jardin ogród
88%
le parc park
88%
le restaurant restauracja
88%
l'hôpital szpital
88%
la rue ulica
88%
le château zamek
88%
la route, le chemin droga
75%
la frontière granica
75%
la salle de bains łazienka
75%
la ville miasto
75%
l'appartement mieszkanie
75%
la plage plaża
75%
l'église kościół
63%
l'aéroport lotnisko
63%
la region region
63%
la capitale stolica
63%
la tour wieża
63%
l'avenue aleja
50%
l'immeuble budynek
50%
le quartier dzielnica
50%
le couloir korytarz
50%
le port port
50%
la chambre sypialnia
50%
le lieu miejsce
38%
la gare stacja
38%
la ferme farma
25%
le banc ławka
25%
la zone obszar
25%
du côté gauche po lewej stronie
25%
du côté droit po prawej stronie
25%
la prison więzienie
25%
Aucun quiz correspondant
Distribution des résultats
% des personnes avec chaque résultat
Percentile par nombre de réponses
Votre historique - résultats
Vous n’avez pas pris ce quiz